LDR 00732naa#a2200181#i#450# 001 EN\\bibl\118210 005 20260703025107.5 011 ## _a2227-1171 100 ## _a20260630b2026####ek#y0engy0150####ca 102 ## _aRU 200 1# _aINTERNATIONAL STANDARDS IN THE FIELD OF ROAD SAFETY, THEIR APPLICABILITY IN THE LEGAL SYSTEM OF THE RUSSIAN FEDERATION _eJournal article 210 1# _aKazan _cKazan law institute Ministry of Internal Affairs Russian Federation _d2026 215 ## _a6 с. 608 ## _aJournal article _2local 675 ## _aМеждународные договоры в узком смысле этого понятия. 341.241.11 _z 700 #1 _aAndreev _gMaxim Valentinovich 700 #1 _aOrlova _gOl'ga Filippovna 856 4# _avestnikkui.ru _u